Statistics for Countries Closest to Uzbekistan

Click here to take the quiz!

General Stats

  • This quiz has been taken 1,218 times
  • The average score is 18 of 20

Answer Stats

kmcountrymiles% Correct
524Russia326
98%
0Kazakhstan0
97%
0Turkmenistan0
97%
0Afghanistan0
96%
108China67
96%
329Iran205
96%
330Pakistan205
96%
0Tajikistan0
96%
617India384
95%
0Kyrgyzstan0
94%
1039Iraq646
93%
821Armenia510
92%
484Azerbaijan301
92%
774Georgia481
91%
964Turkey599
88%
1517Mongolia943
85%
1466Nepal911
85%
1260Syria783
82%
1442Kuwait896
67%
1543Oman959
45%

Score Distribution

Percentile by Number Answered

Percent of People with Each Score

Your Score History

You have not taken this quiz